Statistical Pocket Book of Hungary (Record no. 6456)

MARC details
000 -LEADER
fixed length control field 00576nam a22002297i 4500
001 - CONTROL NUMBER
control field 7595
003 - CONTROL NUMBER IDENTIFIER
control field OSt
005 - DATE AND TIME OF LATEST TRANSACTION
control field 20170126082402.0
007 - PHYSICAL DESCRIPTION FIXED FIELD--GENERAL INFORMATION
fixed length control field tu
008 - FIXED-LENGTH DATA ELEMENTS--GENERAL INFORMATION
fixed length control field 161220s2008 xxu||||| |||| 00| 0 d
024 7# - OTHER STANDARD IDENTIFIER
Standard number or code 7595
Source of number or code RID
024 7# - OTHER STANDARD IDENTIFIER
Standard number or code 7595
Source of number or code RSN (alt)
040 ## - CATALOGING SOURCE
Transcribing agency OSt
110 2# - MAIN ENTRY--CORPORATE NAME
Corporate name or jurisdiction name as entry element Hungarian Central Statistical Office
245 00 - TITLE STATEMENT
Title Statistical Pocket Book of Hungary
260 ## - PUBLICATION, DISTRIBUTION, ETC.
Place of publication, distribution, etc. Budapest,
Date of publication, distribution, etc. 2008.
490 ## - SERIES STATEMENT
Series statement Statistical Pocketbook of Hungary
500 00 - GENERAL NOTE
General note Also avaiable at: http://www.ksh.hu
651 ## - SUBJECT ADDED ENTRY--GEOGRAPHIC NAME
Geographic name Hungary
856 ## - ELECTRONIC LOCATION AND ACCESS
Uniform Resource Identifier <a href="http://www.ksh.hu">http://www.ksh.hu</a>
866 #0 - TEXTUAL HOLDINGS--BASIC BIBLIOGRAPHIC UNIT
-- 1996-2010
942 ## - ADDED ENTRY ELEMENTS (KOHA)
Koha item type Statistics
Holdings
Withdrawn status Lost status Damaged status Not for loan Home library Current library Shelving location Date acquired Serial Enumeration / chronology Inventory number Total Checkouts Barcode Date last seen Price effective from Koha item type
        WIIW WIIW Library 07/19/2007 2008 7595   10003567 01/26/2017 01/26/2017 Statistics
        WIIW WIIW Library 07/27/2010 2009 7595   10003913 01/26/2017 01/26/2017 Statistics
The Vienna Instiute for International Economic Studies (wiiw)